Taylor Swift 67 - Statistics

General Stats
  • This quiz has been taken 13 times
    10 since last reset
  • The average score is 339 of 383
Answer Stats
Answer % Correct
a
100%
all
100%
an
100%
and
100%
can
100%
'cause
100%
do
100%
for
100%
got
100%
have
100%
I
100%
if
100%
it
100%
love
100%
me
100%
my
100%
see
100%
that
100%
the
100%
this
100%
time
100%
was
100%
we
100%
were
100%
you
100%
admit
88%
always
88%
anymore
88%
as
88%
ashes
88%
at
88%
be
88%
but
88%
can't
88%
cure
88%
dark
88%
dealt
88%
did
88%
don't
88%
down
88%
even
88%
every
88%
everything
88%
fear
88%
final
88%
find
88%
from
88%
gashes
88%
getting
88%
heart
88%
her
88%
how
88%
I'm
88%
imposition
88%
in
88%
indecision
88%
is
88%
it's
88%
just
88%
know
88%
light
88%
losing
88%
loved
88%
mending
88%
might
88%
now
88%
of
88%
only
88%
pain
88%
people
88%
phoenix
88%
pleaser
88%
pulse
88%
rising
88%
room
88%
running
88%
say
88%
sick
88%
sit
88%
someone
88%
start
88%
stop
88%
such
88%
tell
88%
they
88%
thing
88%
thought
88%
'til
88%
tired
88%
to
88%
too
88%
understand
88%
wanted
88%
what
88%
who
88%
with
88%
wonder
88%
won't
88%
would
88%
wouldn't
88%
your
88%
you're
88%
air
75%
babe
75%
back
75%
best
75%
bit
75%
blow
75%
built
75%
come
75%
could
75%
dying
75%
eyes
75%
face
75%
far
75%
glared
75%
gone
75%
hallway
75%
keep
75%
long
75%
looking
75%
loss
75%
marry
75%
morning
75%
nails
75%
nothing
75%
or
75%
out
75%
pathological
75%
quick
75%
remember
75%
sad
75%
something
75%
song
75%
storms
75%
thick
75%
through
75%
throw
75%
until
75%
army
63%
believe
63%
bleed
63%
bravest
63%
bring
63%
choosing
63%
either
63%
empathy
63%
endless
63%
fading
63%
fighting
63%
frontlines
63%
gave
63%
grey
63%
ignore
63%
life
63%
lose
63%
me's
63%
party
63%
risk
63%
sent
63%
signals
63%
soldier
63%
thinking
63%
tried
63%
unless
63%
choose
50%
No matching quizzes found
Score Distribution
Percent of People with Each Score
Percentile by Number Answered
Your Score History
You have not taken this quiz since the last reset